<?xml version="1.0" encoding="UTF-8"?><?xml-stylesheet type="text/xsl" href="static/style.xsl"?><OAI-PMH xmlns="http://www.openarchives.org/OAI/2.0/" xmlns:xsi="http://www.w3.org/2001/XMLSchema-instance" xsi:schemaLocation="http://www.openarchives.org/OAI/2.0/ http://www.openarchives.org/OAI/2.0/OAI-PMH.xsd"><responseDate>2026-04-17T10:19:59Z</responseDate><request verb="GetRecord" identifier="oai:www.recercat.cat:2072/422527" metadataPrefix="marc">https://recercat.cat/oai/request</request><GetRecord><record><header><identifier>oai:recercat.cat:2072/422527</identifier><datestamp>2025-02-21T20:51:42Z</datestamp><setSpec>com_2072_98</setSpec><setSpec>col_2072_378196</setSpec></header><metadata><record xmlns="http://www.loc.gov/MARC21/slim" xmlns:dcterms="http://purl.org/dc/terms/" xmlns:xsi="http://www.w3.org/2001/XMLSchema-instance" xmlns:doc="http://www.lyncode.com/xoai" xsi:schemaLocation="http://www.loc.gov/MARC21/slim http://www.loc.gov/standards/marcxml/schema/MARC21slim.xsd">
   <leader>00925njm 22002777a 4500</leader>
   <datafield ind2=" " ind1=" " tag="042">
      <subfield code="a">dc</subfield>
   </datafield>
   <datafield ind2=" " ind1=" " tag="720">
      <subfield code="a">Aguilar Artacho, Irene</subfield>
      <subfield code="e">author</subfield>
   </datafield>
   <datafield ind2=" " ind1=" " tag="720">
      <subfield code="a">Universitat Autònoma de Barcelona. Facultat de Ciències de la Comunicació</subfield>
      <subfield code="e">author</subfield>
   </datafield>
   <datafield ind2=" " ind1=" " tag="260">
      <subfield code="c">2019</subfield>
   </datafield>
   <datafield ind2=" " ind1=" " tag="520">
      <subfield code="a">La investigación pretende poner en valor la inclusión de conocimientos sobre Alfabetización Mediática e Informacional (AMI) en la Educación Secundaria Obligatoria (ESO), concretamente en Catalunya. En el último cuarto de siglo, la comunicación ha experimentado un cambio de paradigma y la sociedad no recibe la formación necesaria ni para combatir las problemáticas derivadas de esta nueva realidad ni para extraer el máximo beneficio. Ante esta carencia, se plantea la necesidad de incorporar la AMI en la ESO para que estos conocimientos estén presentes en las aulas y lleguen al alumnado.</subfield>
   </datafield>
   <datafield ind2=" " ind1=" " tag="520">
      <subfield code="a">La investigació vol posar en valor la inclusió de coneixements sobre Alfabetització Mediàtica i Informacional (AMI) a l'Educació Secundària Obligatòria (ESO), concretament a Catalunya. Durant l'últim quart de segle, la comunicació ha experimentat un canvi de paradigma i la societat no ha rebut la formació necessària ni per combatre les problemàtiques derivades d'aquesta nova realitat ni per extreure el màxim benefici. Davant d'aquesta carència, es planteja la necessitat d'incorporar la AMI a la ESO per tal que aquests coneixements estiguin presents a les aules i arribin a l'alumnat.</subfield>
   </datafield>
   <datafield ind2=" " ind1=" " tag="520">
      <subfield code="a">The research aims to highlight the inclusion of knowledge about Media Literacy in High School Education, specifically in Catalonia. In the last quarter of a century, communication has undergone a paradigm shift and society does not receive the necessary training either to combat the problems arising from this new reality or to extract the maximum benefit. Faced with this lack, the need to incorporate the Media Literacy in the High School Education is raised so that this knowledge is present in the classrooms and reaches the students.</subfield>
   </datafield>
   <datafield tag="653" ind2=" " ind1=" ">
      <subfield code="a">Educació</subfield>
   </datafield>
   <datafield tag="653" ind2=" " ind1=" ">
      <subfield code="a">Alfabetització mediàtica</subfield>
   </datafield>
   <datafield tag="653" ind2=" " ind1=" ">
      <subfield code="a">Educació Secundària - Catalunya</subfield>
   </datafield>
   <datafield ind2="0" ind1="0" tag="245">
      <subfield code="a">La Alfabetización Mediática e Informacional como conocimiento transversal en la Educación Secundaria Obligatoria</subfield>
   </datafield>
</record></metadata></record></GetRecord></OAI-PMH>